| 000 | 01510nam a2200373 i 4500 | ||
|---|---|---|---|
| 003 | DO-SdBNP | ||
| 005 | 20260526120703.0 | ||
| 007 | ta | ||
| 008 | 250618b2023 dr |||| |||| 00| 0 spa d | ||
| 020 | _a9789945651010 | ||
| 020 | _a9789945651041 (digital) | ||
| 040 |
_aDO-SdBNP _bspa _cBNPHU _erda |
||
| 041 | _aspa | ||
| 082 | 4 |
_axxx _bA832e _222 |
|
| 245 | 1 | 0 |
_aAsignatura educación constitucional : _bmanual / _cMayra Cabral Brea [y otros tres] |
| 246 | 1 | 0 |
_aAsignatura educación constitucional : _bguía para facilitadores |
| 264 | 4 |
_aSanto Domingo : _bTribunal Constitucional. Centro de Estudios Constitucionales : Ministerio de Educación Superior, ciencia y Tecnología, _c2023. |
|
| 300 |
_a91 páginas _c28 cm. |
||
| 336 |
_atexto _btxt _2rdacontent |
||
| 337 |
_asin mediación _bn _2rdamedia |
||
| 338 |
_avolumen _bnc _2rdacarrier |
||
| 500 | _aPrimera edición noviembre 2023, primera reimpresión 2024 | ||
| 500 | _aEnseñanza de la constitución en las instituciones de educación superior | ||
| 505 | _aDerecho constitucional dominicano | ||
| 590 | _aInventariado, 2025 /LP | ||
| 700 | 1 |
_aCabral Brea, Mayra _eautor _4aut. _988141 |
|
| 700 | 1 |
_aCorral Panadero, Esmeralda _eautor _4aut. _988142 |
|
| 700 | 1 |
_aFernández Estrella, Aracelis _eautor _4aut. _988143 |
|
| 700 |
_aRojas Alfau, Laia _eautor _4aut. _988144 |
||
| 700 | 1 |
_aMartínez Real, Francisco Javier _eautor _4aut. _4ed. _988145 |
|
| 700 | 1 |
_aCasado, Yissel _ediagramador _4di. _943308 |
|
| 910 | _aLP | ||
| 942 |
_2ddc _cLBS1 |
||
| 999 |
_c59335 _d59335 |
||